Manufacturing processes (Record no. 5393)

MARC details
000 -LEADER
fixed length control field 00423nam a2200169Ia 4500
003 - CONTROL NUMBER IDENTIFIER
control field SGT
020 ## - INTERNATIONAL STANDARD BOOK NUMBER
International Standard Book Number 9789380027043
082 ## - DEWEY DECIMAL CLASSIFICATION NUMBER
Classification number 671
Item number NAR
100 ## - MAIN ENTRY--PERSONAL NAME
Personal name Narula,Virender
245 ## - TITLE STATEMENT
Title Manufacturing processes
250 ## - EDITION STATEMENT
Edition statement 2nd Ed.
260 ## - PUBLICATION, DISTRIBUTION, ETC. (IMPRINT)
Name of publisher, distributor, etc S.K. Kataria & SONS
Place of publication, distribution, etc N.Delhi
Year of Publication 2009
300 ## - PAGE DESCRIPTION
No. of Pages 378p.
650 ## - SUBJECT ADDED ENTRY--TOPICAL TERM
Topical term or geographic name as entry element MECHANICAL ENGINEERING
653 ## - KEYWORDS--INDEX TERM
Keyword term FERROUS METALS,METAL FORMING PROCESS AND CASTING
942 ## - ADDED ENTRY ELEMENTS (KOHA)
Source of classification or shelving scheme Dewey Decimal Classification
Koha item type Books
Holdings
Withdrawn status Lost status Source of classification or shelving scheme Damaged status Not for loan Home library Current library Date acquired SGTU Total Checkouts Total Renewals Full call number Accession No. (Barcode) Date last seen Date last borrowed Bill Date Koha item type Collection code Shelving location
    Dewey Decimal Classification     SGT Engineering Library SGT Engineering Library 19/01/2012 SGTU 4 4 671 NAR FE4296 13/12/2017 08/12/2017 09/02/2015 Books    
  Lost and Paid For Dewey Decimal Classification     SGT Engineering Library SGT Engineering Library 19/01/2012 SGTU 3 1 671 NAR FE4297 23/05/2019 21/05/2019 09/02/2015 Books    
    Dewey Decimal Classification     SGT Engineering Library SGT Engineering Library 19/01/2012 SGTU 3 4 671 NAR FE4298 23/05/2019 11/12/2017 09/02/2015 Books    
    Dewey Decimal Classification     SGT Engineering Library SGT Engineering Library 19/01/2012 SGTU 3 1 671 NAR FE4299 03/02/2021 27/01/2021 09/02/2015 Books    
    Dewey Decimal Classification     SGT Engineering Library SGT Engineering Library 19/01/2012 SGTU 1   671 NAR FE4300 13/12/2017 11/12/2017 09/02/2015 Books    
    Dewey Decimal Classification     SGT Engineering Library SGT Engineering Library 19/01/2012 SGTU 4 2 671 NAR FE4301 27/05/2019 18/05/2019 09/02/2015 Books    
    Dewey Decimal Classification     SGT Engineering Library SGT Engineering Library 19/01/2012 SGTU 2   671 NAR FE4302 16/12/2017 11/12/2017 09/02/2015 Books    
    Dewey Decimal Classification     SGT Engineering Library SGT Engineering Library 19/01/2012 SGTU 5 2 671 NAR FE4303 25/05/2019 21/05/2019 09/02/2015 Books    
Withdrawn   Dewey Decimal Classification     SGT Engineering Library SGT Engineering Library 19/01/2012 SGTU 1   671 NAR FE4304 12/09/2017 22/08/2017 09/02/2015 Books    
    Dewey Decimal Classification   Not For Loan SGT Engineering Library SGT Engineering Library 19/01/2012 SGTU     671 NAR FE4305 09/02/2015   09/02/2015 Books ENGINEERING Reference Book